Poemario popular de Tarapacá 1899-1910

Saved in:
Bibliografiske detaljer
Main Authors: González Miranda, Sergio Alberto (autor), Illanes Oliva, María Angélica (Author)
Andre forfattere: Moulian, Luis (autor)
Format: Bog
Sprog:spansk
Udgivet: Santiago, Chile DIBAM 1998
Serier:Colección Para la Historia de la República, 10
Fag:
Tags: Tilføj Tag
Ingen Tags, Vær først til at tagge denne postø!

MARC

LEADER 00000nam a2200000 a 4500
001 UCP8418
003 CL-VaPUC
005 20241021123012.0
008 000303e19980000CL |||||||||||||||||spa|d
999 |c 285316  |d 285314 
020 |a 956244077X 
040 |c Pontificia Universidad Católica de Valparaíso 
082 0 4 |a 983 GON 1998  |2 21 
100 |a González Miranda, Sergio Alberto  |e autor  |9 538169 
245 1 0 |a Poemario popular de Tarapacá 1899-1910 
260 |a Santiago, Chile  |b DIBAM  |c 1998 
300 |a 462 páginas 
490 0 |a Colección Para la Historia de la República,  |v  10 
583 |a last modification  |c 20000303 00:00:00  |k Rodrigo Vera 
650 0 |a Historia  |9 255047 
650 0 |a Poesías chilenas   |y SIGLOS 19-20  |z TARAPACA  |z IQUIQUE  |9 265280 
700 |a Illanes Oliva, María Angélica  |e author  |9 578151 
700 |a Moulian, Luis  |e autor  |9 447378 
852 |a BIBCUR 
942 |c BK  |2 ddc 
945 |d 20000303 00:00:00  |a rbrito 
952 |0 0  |1 0  |2 ddc  |4 0  |6 983_000000000000000_GON_1998  |7 0  |8 A  |9 329842  |a BIBHIS  |b BIBHIS  |d 2019-11-20  |i 3587320  |o 983 GON 1998  |p 3587320  |r 2025-01-20  |t 1  |w 2019-11-20  |y BK  |k HIS 
952 |0 0  |1 0  |2 ddc  |4 0  |6 983_000000000000000_GON_1998  |7 0  |8 A  |9 329843  |a BIBHIS  |b BIBHIS  |d 2019-11-20  |i 4089065  |l 1  |m 2  |o 983 GON 1998  |p 4089065  |r 2025-01-20  |s 2021-10-27  |t 2  |w 2019-11-20  |y BK  |k HIS 
952 |0 0  |1 0  |2 ddc  |4 0  |6 983_000000000000000_GON_1998  |7 0  |8 X  |9 329844  |a FDOMLP  |b FDOMLP  |d 2019-11-20  |i 435401K  |o 983 GON 1998  |p 435401K  |r 2019-11-20  |t 3  |w 2019-11-20  |y BK_X  |k BU2